Loading...

Beaches and coasts

Bibliografiske detaljer
Hovedforfatter: King, Cuchlaine, A M
Format: Printed Book
Udgivet: Edward Arnold Publishers Ltd. 1972
Udgivelse:2
Fag:
LEADER 00515nam a2200193 4500
020
082 |a 551.46 KIN-B2 
100 |a King, Cuchlaine, A M 
245 |a Beaches and coasts 
250 |a 2 
260 |a Edward Arnold Publishers Ltd.  |c 1972 
300 |a 570 
490
500
590 |a Vineesh  |b 2011-03-22 14:24:09 
650 |a Oceanography 
942 |c BK 
999 |c 95014  |d 95014 
952 |0 0  |1 0  |4 0  |6 551_460000000000000_KINB2  |7 0  |9 108482  |a AQU  |b AQU  |l 0  |o 551.46 KIN-B2  |p AQU01283  |r 2019-09-25  |w 2019-09-25  |y BK